Artículos

Guardat en:
Dades bibliogràfiques
Autor principal: Larra, Mariano José de (Autor)
Format: Llibre
Idioma:espanyol
Publicat: Madrid Cátedra 2005
Edició:1a. ed
Col·lecció:Cátedra Base, 15
Matèries:
Etiquetes: Afegir etiqueta
Sense etiquetes, Sigues el primer a etiquetar aquest registre!

MARC

LEADER 00000cam a2200000 a 4500
001 UCG9616
003 CL-VaPUC
008 120323e20050500SP |||||||||||||||||spa|d
020 |a 8437622352 
082 0 4 |a 864  |b LAR  |2 21 
100 |a Larra, Mariano José de  |e author  |9 321319 
245 1 0 |a Artículos 
250 |a 1a. ed 
300 |a 171 p 
942 |c BK 
945 |d 20120323 00:00:00  |a dcastane 
260 |a Madrid  |b Cátedra  |c 2005 
650 0 |a Ensayos españoles  |9 313128 
583 |a last modification  |c 20120323 11:52:00  |k Rodrigo Vera 
490 0 |a Cátedra Base, 15 
999 |c 347162  |d 347160